Largest Cities on longest Rail Routes - Statistics

General Stats
  • This quiz has been taken 118 times
  • The average score is 11 of 15
Answers on the Map
Answers color-coded by a green-red scale on the quiz's map according to % correct below.
 
Answer Stats
Answer % Correct
Texas Eagle / Sunset Limited Los Angeles
99%
Texas Eagle / Sunset Limited Chicago
96%
California Zephyr Chicago
96%
The Canadian Toronto
96%
California Zephyr San Francisco
95%
Indian Pacific Sydney
95%
The Canadian Vancouver
94%
Texas Eagle / Sunset Limited Dallas
90%
Indian Pacific Perth
90%
California Zephyr Denver
83%
The Canadian Edmonton
83%
Indian Pacific Adelaide
75%
Vivek Express Vishakhapatnam
19%
Vivek Express Bhubaneswar
12%
Vivek Express Vijaywada
1%
No matching quizzes found
Score Distribution
Percent of People with Each Score
Percentile by Number Answered
Your Score History
You have not taken this quiz